Infrared technology (Record no. 10548)

MARC details
000 -LEADER
fixed length control field 00914nam a2200217Ia 4500
003 - CONTROL NUMBER IDENTIFIER
control field IN-BaIIA
008 - FIXED-LENGTH DATA ELEMENTS--GENERAL INFORMATION
fixed length control field 211028s9999 xx 000 0 eng d
020 ## - INTERNATIONAL STANDARD BOOK NUMBER
International Standard Book Number 0-8194-0193-5
040 ## - CATALOGING SOURCE
Transcribing agency IIA Library
080 ## - UNIVERSAL DECIMAL CLASSIFICATION NUMBER
Universal Decimal Classification number 535(082.1)
Item number SPI-1157
111 ## - MAIN ENTRY--MEETING NAME
Meeting name or jurisdiction name as entry element Society of Photo-Optical Instrumentation Engineers Conference
Location of meeting California
Date of meeting or treaty signing 1990 Aug. 7-9
9 (RLIN) 17940
245 #0 - TITLE STATEMENT
Title Infrared technology
Remainder of title XV, proceedings of the SPIE held in San Diago, California from 7-9 August , 1990
Statement of responsibility, etc. edited by Irving J. Spiro
260 ## - PUBLICATION, DISTRIBUTION, ETC.
Place of publication, distribution, etc. Washington
Name of publisher, distributor, etc. Society of Photo-Optical Instrumentation Engineers
Date of publication, distribution, etc. 1989
300 ## - PHYSICAL DESCRIPTION
Extent xiii, 455p.
490 ## - SERIES STATEMENT
Series statement SPIE proceedings series; v. 1157
650 ## - SUBJECT ADDED ENTRY--TOPICAL TERM
Topical term or geographic name entry element Astronomy and Astrophysics Thesaurus
650 ## - SUBJECT ADDED ENTRY--TOPICAL TERM
Topical term or geographic name entry element Infrared technology
9 (RLIN) 17941
700 ## - ADDED ENTRY--PERSONAL NAME
Personal name Spiro, Irving J., ed.
9 (RLIN) 17942
710 ## - ADDED ENTRY--CORPORATE NAME
Corporate name or jurisdiction name as entry element Society of Photo-optical Instrumentation Engineers
9 (RLIN) 17943
942 ## - ADDED ENTRY ELEMENTS (KOHA)
Koha item type Books
Holdings
Withdrawn status Lost status Damaged status Not for loan Home library Current library Shelving location Date acquired Total Checkouts Full call number Barcode Date last seen Price effective from Koha item type
        IIA Library-Bangalore IIA Library-Bangalore General Stacks 02/02/1993   535(082.1)/ SPI-1157 11459 05/11/2021 02/02/1993 Books

Powered by Koha